000 00894nam0a22002771 4500
001 RU\INFOCOMM_211\NLR\5000003450
005 20250613103326.0
035 _a(NLR Aleph) 009463028
090 _a8478956
_c8478956
100 _a20121220d1980 |||y0rusy50 ca
101 1 _aeng
_crus
102 _aRU
105 _aea z |||||
200 1 _aLeningrad in three days
_eA short guide
_fPavel Kann
_g[Transl. from the Russ. by David Marks]
205 _a2d print
210 _aM.
_cProgress
_d1980
215 _a255 с., 1 отд. л. цв. план.
_cил., цв. ил., цв. план.
_d20 см
225 1 _aˆ"‰Progress" publishers guidebook
300 _aНа пер. сост. не указан
620 _aМосква
686 _aЧ518.115(2Р-4Ле)
_2rubbk
801 1 _aRU
_bNLR
_c20121204
801 0 _aRU
_bINFOCOMM
_gPSBO
852 _aNLR
_jГ01 Д-3/411
942 _cBOOK
980 _aNB